Education inquiry

Detalles Bibliográficos
Título anterior:Tidskrift för lärarutbildning och forskning
Autor Corporativo: Umeå School of Education
Formato: Electrónico Revista
Lenguaje:inglés
Publicado: [Umeå, Sweden] : Taylor & Francis Group
Materias:
Acceso en línea:Full text available from Research Library: 03/01/2011 to present

MARC

LEADER 00000nas a2200000 a 4500
001 ssj0000493314
003 WaSeSS
005 20200512172242.0
006 m d
007 cr n
008 100809c20109999se qr p s 0 0eng c
010 |a  2011252153 
015 |a GBB8A5832  |2 bnb 
016 7 |a 018886345  |2 Uk 
022 |a 2000-4508 
035 |a (WaSeSS)ssj0000493314 
040 |a HTM  |b eng  |e pn  |c HTM  |d WAU  |d CUS  |d OCLCQ  |d OCLCF  |d OCLCO  |d OCLCQ  |d UKMGB  |d VT2  |d CNTRU  |d DLC  |d WaSeSS 
042 |a pcc 
043 |a ev----- 
050 0 0 |a L46 
222 0 |a Education enquiry 
245 0 0 |a Education inquiry  |h [electronic resource]. 
246 1 |a Edu. inq 
260 |a [Umeå, Sweden] :  |b Taylor & Francis Group 
310 |a Quarterly 
362 1 |a Began with: Volume 1, no. 1 (March 2010). 
506 |a License restrictions may limit access. 
588 |a Description based on: Volume 1, no. 1 (March 2010); title from PDF title page (publisher's Web site, viewed July 5, 2011). 
588 |a Latest issue consulted: Volume11, no. 2 (2020) (Taylor & Francis Online, viewed April 27, 2020). 
650 0 |a Education  |z Scandinavia  |v Periodicals. 
650 0 |a Teachers  |x Training of  |z Scandinavia  |v Periodicals. 
650 7 |a Education.  |2 fast  |0 (OCoLC)fst00902499 
650 7 |a Teachers  |x Training of.  |2 fast  |0 (OCoLC)fst01144404 
655 0 |a Electronic journals. 
710 2 |a Umeå School of Education. 
780 0 0 |t Tidskrift för lärarutbildning och forskning  |x 1651-4610 
850 |a DLC 
856 4 0 |z Full text available from Research Library: 03/01/2011 to present  |u https://search.proquest.com/publication/3933203